| 000 -LEADER |
| fixed length control field |
00628cam a2200217 a 4500 |
| 001 - CONTROL NUMBER |
| control field |
1026950 |
| 005 - DATE AND TIME OF LATEST TRANSACTION |
| control field |
20180215093955.0 |
| 008 - FIXED-LENGTH DATA ELEMENTS--GENERAL INFORMATION |
| fixed length control field |
880630s1987 ge b 000 0 eng c |
| 010 ## - LIBRARY OF CONGRESS CONTROL NUMBER |
| LC control number |
88156495 |
| 040 ## - CATALOGING SOURCE |
| Original cataloging agency |
MiU |
| Transcribing agency |
MiU |
| Modifying agency |
DLC |
| 041 0# - LANGUAGE CODE |
| Language code of text/sound track or separate title |
eng |
| Language code of summary or abstract/overprinted title or subtitle |
gerrus |
| 080 ## - UNIVERSAL DECIMAL CLASSIFICATION NUMBER |
| Universal Decimal Classification number |
51 PET |
| 082 ## - DEWEY DECIMAL CLASSIFICATION NUMBER |
| Edition number |
51 PET |
| 100 1# - Rafti |
| Rafti |
37 |
| 101 ## - Shkurtesa |
| Shkurtesa |
MAT |
| 245 10 - TITLE STATEMENT |
| Title |
Linear-time algorithms for NP-complete problems restricted to partial k-trees / |
| Statement of responsibility, etc |
Petra Scheffler ; communicated by B. Goetze. |
| 504 ## - BIBLIOGRAPHY, ETC. NOTE |
| Bibliography, etc |
Bibliography: p. 48. |
| 906 ## - LOCAL DATA ELEMENT F, LDF (RLIN) |
| a |
7 |
| b |
cbc |
| c |
orignew |
| d |
2 |
| e |
ncip |
| f |
19 |
| g |
y-gencatlg |
| 942 ## - ADDED ENTRY ELEMENTS (KOHA) |
| Source of classification or shelving scheme |
|
| Item type |
Books |